MARC

LEADER 00000nam0a2200000 4500
001 97069
005 20231031110758.0
035 |a (RuTPU)RU\TPU\book\104042 
090 |a 97069 
100 |a 20060523d1971 km y0rusy50 ca 
101 0 |a rus 
102 |a UA 
105 |a a z 001zy 
200 1 |a Гидротранспорт. Вопросы гидравлики  |f Н. А. Силин [и др.]  |g Академия наук Украинской ССР; Институт гидромеханики 
210 |a Киев  |c Наукова думка  |d 1971 
215 |a 159 с.  |c ил. 
320 |a Библиогр.: с. 155-157. 
610 1 |a гидротранспорт 
610 1 |a гидротранспортирующие установки 
610 1 |a гидротранспортные системы 
610 1 |a гидравлика 
610 1 |a потоки 
610 1 |a взвесенесущие потоки 
610 1 |a расчеты 
675 |a 621.86  |v 3 
701 1 |a Силин  |b Н. А.  |g Николай Александрович 
701 1 |a Витошкин  |b Ю. К.  |g Юрий Константинович 
701 1 |a Карасик  |b В. М.  |g Вадим Михайлович 
701 1 |a Очеретько  |b В. Ф.  |g Валентин Фёдорович 
712 0 2 |a Академия наук Украинской ССР (АН УССР)  |b Институт гидромеханики  |2 stltpush  |3 (RuTPU)RU\TPU\col\7884 
801 1 |a RU  |b 63413507  |c 20060523  |g PSBO 
801 2 |a RU  |b 63413507  |c 20100211  |g PSBO 
942 |c BK